| 000 | 00850nam a2200229Ia 4500 | ||
|---|---|---|---|
| 005 | 20241129105855.0 | ||
| 008 | 241129s9999||||xx |||||||||||||| ||und|| | ||
| 020 | _a978-81-952904-7-5 | ||
| 037 | _aTB | ||
| 040 |
_aARTS _bhin _cARTS |
||
| 041 |
_ahin _2hin |
||
| 084 |
_aO15jN44 152R2 _qARTS |
||
| 100 | _aपाठक, ज्ञानधर, संपा. | ||
| 245 | 0 |
_aडॉ. महेशदत्त शर्मा - अभिनन्दनग्रन्थः _cपाठक, ज्ञानधर, संपा. |
|
| 260 |
_aनई दिल्ली, भारत _bअभ्युदय प्रकाशनम् _c2022 |
||
| 300 | _a264पृ0 | ||
| 365 |
_aINR _b500 |
||
| 546 | _aTranslated from Sanskrit ti Hindi | ||
| 650 | _aSanskrit Literature | ||
| 942 |
_cTB _hO15jN44 152R2 |
||
| 999 |
_c1226385 _d1226385 |
||